000 00974nam a2200301Ia 4500
003 GCL
008 140319s9999 xx 000 0 ara d
020 _a0396825590
040 _aGCL /
_cGCL
082 0 4 _a158
_bا م
100 1 _aابراهيم الفقى
245 1 0 _aالمفاتيح العشرة للنجاح /
_cابراهيم الفقى
260 _aكندا :
_bالمركز الكندى للبرمجة اللغوية العصبية ،
_c2005
300 _a134 ص ؛
_c16 سم
650 0 4 _aالعلاقات الانسانية
650 0 4 _aالطاقة
650 0 4 _aعلم النفس التطبيقى
650 0 4 _aالتكيف الاجتماعى
650 0 4 _aالالتزام
650 0 4 _aالدوافع
650 0 4 _aالانضباط الاجتماعى
650 0 4 _aالنجاح الشخصى
650 0 4 _aالمهارات
650 0 4 _aالعقل والجسم
650 0 4 _aالصبر
650 0 4 _aالمرونة
942 _2ddc
_cBK
999 _c8633
_d8633